01286cam a22002771 4500001001300000003000400013005001700017008004100034010001700075035001900092040005400111042001200165050001900177086001500196100005500211245030900266260004300575300004700618490007200665500007000737504004800807650002700855710004400882711006500926999001700991gs 05000367 DLC20260227111301.0760405s1885 xx a 000 0 eng c ags 05000367  a(OCoLC)2094546 aU. S. Geol. survey. LibrarycMNSdMNSdOCoLCdDLC apremarc00aGS6b.I6 1881a0 aW 7.5:W 561 aWheeler, George M.q(George Montague),d1842-1905.00aReport upon the Third International Geographical Congress and Exhibition at Venice, Italy, 1881,baccompanied by data concerning the principal government land and marine surveys of the world.cPrepared and submitted by Captain George M. Wheeler, Corps of engineers, U. S. Army, commissioner and delegate. aWashington,bGovt. print. off.,c1885. a586 p.b11 pl. (maps) 2 fold. tab.c30 cm.0 aUnited States. 48th Congress, 2d Session House. Ex. doc.vno. 270 aAt head of title: War Department, Corps of Engineers, U. S. Army. a"Published works of reference": p. 539-546. 0aGeographyvCongresses.1 aUnited States.bEngineering Department.2 aInternational Geographical Congressn(3rd :d1881 :cVenice) c24223d24223